000 00386nam a2200145Ia 4500
008 230312s9999||||xx |||||||||||||| ||und||
020 _a81-317-2700-3
082 _a621.382
_bBOY-E
100 _aBoylestad;Robert.L
245 0 _aElectrical Devices and Circuit Theory
260 _bPearson
_aIndia
_c2015
300 _a892
650 _aEngineering
_vElectrical Engineering
942 _cBK
999 _c10485
_d10485